By-passing capitalism : Popular essay

שמור ב:
מידע ביבליוגרפי
מחבר ראשי: Shirendyb, B.
פורמט: ספר
שפה:Undetermined
יצא לאור: Ulan Bator M.P.R. State Publishers 1968
נושאים:
תגים: הוספת תג
אין תגיות, היה/י הראשונ/ה לתייג את הרשומה!
Thư viện lưu trữ: Trung tâm Học liệu Trường Đại học Cần Thơ
LEADER 00560nam a2200205Ia 4500
001 CTU_88400
008 210402s9999 xx 000 0 und d
082 |a 330.9 
082 |b S558 
100 |a Shirendyb, B. 
245 0 |a By-passing capitalism : 
245 0 |b Popular essay 
245 0 |c B. Shirendyb; Edited by B. Lkhamsurun. 
260 |a Ulan Bator 
260 |b M.P.R. State Publishers 
260 |c 1968 
650 |a Mongolia 
650 |x Economic conditions. 
904 |i Năm,Hải 
980 |a Trung tâm Học liệu Trường Đại học Cần Thơ